000 00682nam a2200217Ii 4500
003 JO-AjNU
008 230606s9999||||xx |||||||||||||| ||und||
020 _a0-13-357733-3
040 _aJO-AjNU
_beng
_erda
_cJO-AjNU
041 _aeng
050 1 4 _aHF5635 .E428 1996
100 3 _aElliott,Barry / Elliott,Jamie,
_eauthor
_93070
245 0 0 _aFinancial accounting & reporting
250 _a1 ed
264 3 1 _aNew York : Prentice Hall,1996
300 _a796p
_bIncludes bibliographical references and indexes(P 772-796)
336 _atext
_btxt
_2rdacontent
337 _aunmediated
_bn
_2rdamedia
338 _avolume
_bnc
_2rdacarrier
650 4 _aAccounting - financial
_93071
999 _aE1610
_c1610
_d1610